Najbardziej i najmniej znane państwa - Statystyki

Ogólne statystyki
  • Ten quiz został rozwiązany 261 razy
  • Średni wynik to 26 z 50
Statystyki odpowiedzi
Pytanie Odpowiedź % Poprawnych
3.najbardziej znane (europa) Rosja (98%)
83%
1.najbardziej znane (europa) Polska (99%)
82%
2.najbardziej znane (europa) Niemcy (98%)
81%
1.najbardziej znane (azja) Chiny (99%)
78%
4.najbardziej znane (europa) Francja (97%)
78%
4.najmniej znane (europa) Kosowo (67%)
74%
2.najbardziej znane (azja) Japonia (96%)
70%
2.najbardziej znane (ameryka) Stany zjednoczone ameryki (99%)
70%
1.najbardziej znane (afryka) Egipt (96%)
68%
1.najmniej znane (europa) Malta (65%)
68%
1.najbardziej znane (oceania) Australia (99%)
67%
3.najbardziej znane (azja) Indie (93%)
67%
1.najbardziej znane (ameryka) Kanada (99%)
67%
5.najmniej znane (europa) San marino (69%)
67%
2.najbardziej znane (afryka) Republika południowej afryki (93%)
65%
5.najbardziej znane (ameryka) Meksyk (98%)
65%
2.najbardziej znane (oceania) Nowa zelandia (94%)
62%
3.najbardziej znane (ameryka) Brazylia (99%)
61%
5.najbardziej znane (azja) Korea południowa (92%)
59%
2.najmniej znane (europa) Monako (67%)
58%
4.najbardziej znane (ameryka) Argentyna (98%)
57%
5.najbardziej znane (europa) Ukraina (97%)
55%
5.najbardziej znane (afryka) Maroko (87%)
53%
4.najbardziej znane (azja) Korea północna (92%)
51%
3.najmniej znane (oceania) Nauru (56%)
51%
4.najbardziej znane (oceania) Fidżi (71%)
49%
4.najbardziej znane (afryka) Niger (89%)
49%
4.najmniej znane (oceania) Vanuatu (57%)
49%
3.najmniej znane (europa) Macedonia północna (67%)
48%
5.najmniej znane (oceania) Palau (57%)
48%
1.najmniej znane (azja) Brunei (35%)
47%
2.najmniej znane (azja) Timor wschodni (38%)
47%
2.najmniej znane (oceania) Samoa (51%)
45%
3.najbardziej znane (oceania) Papua-Nowa gwinea (82%)
41%
1.najmniej znane (oceania) Tonga (51%)
41%
1.najmniej znane (ameryka) Saint kitts i nevis (33%)
40%
5.najmniej znane (ameryka) Saint lucia (37%)
39%
3.najmniej znane (azja) Bahrajn (43%)
37%
3.najmniej znane (ameryka) Saint vincent i grenadyny (34%)
37%
4.najmniej znane (ameryka) Antigua i barbuda (36%)
35%
2.najmniej znane (ameryka) Grenada (33%)
35%
3.najbardziej znane (afryka) Madagaskar (90%)
35%
4.najmniej znane (afryka) Komory (43%)
34%
5.najbardziej znane (oceania) Wyspy marshalla (71%)
33%
2.najmniej znane (afryka) Burundi (41%)
32%
5.najmniej znane (azja) Liban (49%)
32%
3.najmniej znane (afryka) Mauritius (43%)
32%
4.najmniej znane (azja) Malediwy (46%)
30%
5.najmniej znane (afryka) Sierra leone (44%)
27%
1.najmniej znane (afryka) Malawi (41%)
22%
Nie znaleziono quizów pasujących do podanych kryteriów
Rozkład punktacji
Procent ludzi z każdym wynikiem
Percentyl według liczby udzielonych odpowiedzi
Twoja historia wyników
Nie rozwiązałeś tego quizu